Logo BPK

Biblioteka

Politechniki Koszalińskiej

Error analysis of a new guarded-hot-plate apparatus to measure the thermal conductivities / (Rekord nr 23230)

Szczegóły MARC
000 -ETYKIETA REKORDU
podpole kontrolne o stałej długości 00463nam a2200169 i 4500
001 - NUMER KONTROLNY REKORDU
pole kontrolne bg
040 ## - ŹRÓDŁO KATALOGOWANIA
Instytucja, która utworzyła rekord BPK
041 ## - KOD JĘZYKA
Kod języka tekstu pol
080 ## - UNIWERSALNA KLASYFIKACJA DZIESIĘTNA - UKD
UKD 624
008 - POLE O STAŁEJ DŁUGOŚCI - DANE KONTROLNE
podpole kontrolne o stałej długości s pl f |000 0 pol
100 1# - NAZWA OSOBOWA
Nazwa osobowa EGUCHI, Kazuo
245 #0 - TYTUŁ/ODPOWIEDZIALNOŚĆ
Tytuł Error analysis of a new guarded-hot-plate apparatus to measure the thermal conductivities /
Pozostałe elementy strefy tytułu i oznaczenia odpowiedzialności by Kazuo Eguchi.
260 ## - STREFA ADRESU WYDAWNICZEGO
Miejsce wydania Tokyo,
Data publikacji, dystrybucji/powstania dokumentu 1984.
490 1# - STREFA SERII I DOKUMENTU WIELOCZĘŚCIOWEGO - FORMA NIE DO WYSZUKIWANIA
Tytuł i oznaczenie odpowiedzialności serii Research Paper ;
Numeracja w obrębie serii no. 105
830 ## - HASŁO DODATKOWE SERII LUB DOKUMENTU WIELOCZĘŚCIOWEGO - TYTUŁ UJEDNOLICONY
Tytuł ujednolicony Research Paper ;
856 ## - LOKALIZACJA I DOSTĘP DO ELEKTRONICZNYCH DOKUMENTÓW ZDALNYCH
Link (URL) http://koha.tu.koszalin.pl/cgi-bin/koha/opac-detail.pl?biblionumber=23230
Tekst linku Katalog online BPK
942 ## - DODATKOWE ELEMENTY (KOHA)
Typ dokumentu Książka
Egzemplarze
Wycofany Status egzemplarza Uszkodzony Dostępność Lokalizacja stała Lokalizacja bieżąca Miejsce przechowywania Sygnatura Kod kreskowy Typ dokumentu
      Dostępny Biblioteka Politechniki Koszalińskiej Biblioteka Politechniki Koszalińskiej Wypożyczalnia BG 33283 01579611 Książka
© 2023 Biblioteka Politechniki Koszalińskiej :: KOHA